15 principales países con muertes de Covid-19 - 17 de julio - Estadísticas

Estadísticas generales
  • Esta prueba ha sido intentada 5 veces
  • La puntuación promedio es 15 de 20
Estadísticas de respuestas
país % Correcto
Alemania
100%
España
100%
Estados Unidos
100%
Francia
100%
Italia
100%
México
100%
Rusia
100%
Brasil
80%
Canadá
80%
India
80%
Perú
80%
Reino Unido
80%
Chile
60%
Ecuador
60%
Irlanda
60%
Suecia
60%
Bélgica
40%
Irán
40%
Países Bajos
40%
Panamá
20%
No se encontraron pruebas coincidentes
Distribución de puntuación
Porcentaje de gente con cada puntuación
Porcentaje por número respondido
Historial de tus puntuaciones
No has intentado esta prueba.